00917cam a22003377i 45000010009000000030007000090050017000160080041000330100017000740200018000910200015001090350024001240400028001480420014001760500024001900820017002141000026002312400023002572450030002802500023003102640073003333000023004063360021004293370025004503380023004755000011004986000017005096500013005266510027005396550013005661781705200052220220326193245.0130718s2011 dr 000 p spa d a 2013397689 a9789945863727 a994586372X a(OCoLC)ocn811269636 aIRUcIRUdIULerdadDLC alccopycat00aMLCS 2013/46437 (P) a861.5bB142p1 aBáez, Frank,d1978-10aPoems.kSelections10aPostales /cFrank Báez. aPrimera edición. 1aSanto Domingo, República Dominicana :bEdiciones De a Poco,c2011. a84 pages ;c21 cm. atext2rdacontent aunmediated2rdamedia avolume2rdacarrier aPoems. aFrank Báez aPoesía aRepública Dominicana aPoesía